000 00588nam a22002051a 4500
001 1954
003 OSt
005 20260204211754.0
008 040122s1995||||dr ||||||b||||||||||spa||
050 _aRD 634 F963c
082 _aRD 634 F963c
110 _aFundación de Desarrollo Agropecuario
245 _aCultivo de cajuil / Texto: Luís Bonilla
264 _aSanto Domingo : (S.N)
300 _a23 p.
500 _aIncluye bibliografía
650 _a1.Frutales - República Dominicana 2.Cultivo de Cajuil
700 _aBonilla, Luis II. Reyes Quiñones, JuanÌ
942 _2ddc
_cBK
999 _c1954
_d1954